Southville International School and Colleges
Your cart is empty.
  • Cart
  • Lists
    Public lists Eva Luna New books Lux_list list_1
    Your lists Log in to create your own lists
  • Log in to your account
  • Your cookies
  • Search history
Southville International School and Colleges
  • Advanced search
  • Recent comments
  • Most popular
  • Libraries

Log in to your account

Log in with GOOGLE


If you do not have an external account, but do have a local account, you can still log in:

  1. Home
  2. MARC view: Developmental reading /
Normal view MARC view ISBD view

Developmental reading / (Record no. 288965)

[ view plain ]
MARC details
000 -LEADER
fixed length control field 00582nam a22002057a 4500
003 - CONTROL NUMBER IDENTIFIER
control field OSt
005 - DATE AND TIME OF LATEST TRANSACTION
control field 20151112104539.0
008 - FIXED-LENGTH DATA ELEMENTS--GENERAL INFORMATION
fixed length control field 130129t xxu||||| |||| 00| 0 eng d
020 ## - INTERNATIONAL STANDARD BOOK NUMBER
International Standard Book Number 9712302296
050 ## - LIBRARY OF CONGRESS CALL NUMBER
Classification number LB 1050.5
Item number .R763 1983
082 ## - DEWEY DECIMAL CLASSIFICATION NUMBER
Classification number FIL 371.91
Item number B928 2010
100 ## - MAIN ENTRY--PERSONAL NAME
Personal name Romero, Angelita D.
245 ## - TITLE STATEMENT
Title Developmental reading /
Statement of responsibility, etc ANgelita D. Romero, Rene C. Romero.
260 ## - PUBLICATION, DISTRIBUTION, ETC. (IMPRINT)
Place of publication, distribution, etc Manila :
Name of publisher, distributor, etc Rex Book Store,
Date of publication, distribution, etc 1983.
300 ## - PHYSICAL DESCRIPTION
Extent vii, 203 pages ;:
Dimensions 25 cm.
Other physical details illustrations ;
526 ## - STUDY PROGRAM INFORMATION NOTE
Reading level 1210L-1700L
562 ## - COPY AND VERSION IDENTIFICATION NOTE
Number of copies 1
942 ## - ADDED ENTRY ELEMENTS (KOHA)
Source of classification or shelving scheme Library of Congress Classification
Koha item type Books
Call number prefix Filipininana
Holdings
Withdrawn status Lost status Source of classification or shelving scheme Damaged status Home library Current library Shelving location Date acquired Source of acquisition Sub Shelving location Total Checkouts Full call number Barcode Date last seen Price effective from Koha item type
    Library of Congress Classification   College Library College Library Filipiniana Section 11/12/2015 Library Fund     LB 1050.5 .R763 1983 C0464 05/08/2018 11/12/2015 Books

Developmental reading /

APA

Romero A. D., . (1983). Developmental reading. Manila: Rex Book Store.

Chicago

Romero Angelita D, . 1983. Developmental reading. Manila: Rex Book Store.

Harvard

Romero A. D., . (1983). Developmental reading. Manila: Rex Book Store.

MLA

Romero Angelita D, . Developmental reading. Manila: Rex Book Store. 1983.

  • Place hold
  • Print
  • Cite
  • Add to your cart (remove)
  • Save record
    BIBTEX Dublin Core MARCXML MARC (non-Unicode/MARC-8) MARC (Unicode/UTF-8) MARC (Unicode/UTF-8, Standard) MODS (XML) RIS
  • More searches
    Search for this title in:
    Other Libraries (WorldCat) Other Databases (Google Scholar) Online Stores (Bookfinder.com) Open Library (openlibrary.org)

Exporting to Dublin Core...

SOUTHVILLE LIBRARY

Southville International School and Colleges Library

1281 Tropical Ave. Cor. Luxembourg St., BF Homes International, Las Pinas City

Tel. No. 8256374 / 252358 Loc. 117/146

Powered by Koha